Central Library OPAC University of Rajshahi

Disaster preparedness for Bangladesh floods and other natural calamities / (Record no. 68779)

MARC details
000 -LEADER
fixed length control field 00951nam a2200277 a 4500
001 - CONTROL NUMBER
control field 68779
003 - CONTROL NUMBER IDENTIFIER
rucl marc code BD-RjUL
005 - DATE AND TIME OF LATEST TRANSACTION
control field 20211209081817.0
008 - FIXED-LENGTH DATA ELEMENTS--GENERAL INFORMATION
fixed length control field 170405s1991 bg ab b 001 0 eng d
020 ## - INTERNATIONAL STANDARD BOOK NUMBER
Terms of availability Tk450.00 ($18.00 U.S.)
035 ## - SYSTEM CONTROL NUMBER
System control number (BD-RjUL)68990
040 ## - CATALOGING SOURCE
Original cataloging agency DLC
Transcribing agency DLC
Modifying agency DLC
-- BD-RjUL
Language of cataloging eng
041 ## - LANGUAGE CODE
Language code of text/sound track or separate title eng
082 ## - DEWEY DECIMAL CLASSIFICATION NUMBER
Edition number 23
Classification number 363.340954
Author mark and year KAD 1991
100 1# - MAIN ENTRY--PERSONAL NAME
Personal name Kafiluddin, A. K. M.
9 (RLIN) 203840
245 10 - TITLE STATEMENT
Title Disaster preparedness for Bangladesh floods and other natural calamities /
Statement of responsibility, etc. A.K.M. Kafiluddin.
250 ## - EDITION STATEMENT
Edition statement 1st ed.
260 ## - PUBLICATION, DISTRIBUTION, ETC. (IMPRINT)
Place of publication, distribution, etc. Dhaka, Bangladesh :
Name of publisher, distributor, etc. Md. Salauddin and Taslin Jahan,
Date of publication, distribution, etc. 1991.
300 ## - PHYSICAL DESCRIPTION
Pagination xxxii, 251 p. :
Illustrations ill. (some col.), maps ;
Size 25 cm.
500 ## - GENERAL NOTE
General note Includes index.
504 ## - BIBLIOGRAPHY, ETC. NOTE
Bibliography, etc Includes bibliographical references (p. 243-245).
650 #0 - SUBJECT ADDED ENTRY--TOPICAL TERM
Topical term or geographic name as entry element Emergency management
Geographic subdivision Bangladesh.
9 (RLIN) 203841
Topical term or geographic name as entry element Floods
Geographic subdivision Bangladesh.
9 (RLIN) 203842
Topical term or geographic name as entry element Natural disasters
Geographic subdivision Bangladesh.
9 (RLIN) 203843
942 ## - ADDED ENTRY ELEMENTS (KOHA)
Source of classification or shelving scheme Dewey Decimal Classification
Koha item type Books
Holdings
Lost status Source of classification or shelving scheme Damaged status Not for loan Collection code Permanent Location Current Location Shelving location Date acquired Source of acquisition Total Checkouts Full call number Date last seen Copy number Koha item type
  Dewey Decimal Classification   Not For Loan Non-fiction Central Library, University of Rajshahi Central Library, University of Rajshahi Reading Room 24/10/1991 Author   363.340954 KAD 1991 05/04/2017 C-1 Books